| 000 | 00390nam a2200157Ia 4500 | ||
|---|---|---|---|
| 008 | 210716s1974 xx 000 0 und d | ||
| 020 | _a471582921 | ||
| 041 | _aeng | ||
| 082 | _a005.133 MCCD | ||
| 100 | _aMccracken, Daniel D. | ||
| 245 | _aSimplified guide to fortran programming. | ||
| 250 | _a1 | ||
| 260 |
_aNew York _bJohn Wiley and Sons _c1974 |
||
| 300 | _a277 | ||
| 650 | _aNone | ||
| 999 |
_c180866 _d180866 |
||